[Event "Muensterland Verbandsliga 2526"]
[Site "Germany"]
[Date "2026.04.25"]
[Round "8"]
[Board "7"]
[White "Hirschmueller, Bennet"]
[Black "Pusch, Herbert"]
[Result "1-0"]
[WhiteElo "1715"]
[BlackElo "1494"]
[WhiteFideId "-1"]
[BlackFideId "-1"]
[PlyCount "91"]
[GameId "2095107553645802"]
[EventDate "2025.??.??"]
[EventType "team-tourn"]
[EventRounds "9"]
[EventCountry "GER"]
[SourceTitle "Verband Muensterland"]
[SourceDate "2025.11.13"]
[SourceVersion "1"]
[SourceVersionDate "2025.11.13"]
[SourceQuality "1"]
[WhiteTeam "Nienberge II"]
[BlackTeam "Stadtlohn"]
[WhiteTeamCountry "GER"]
[BlackTeamCountry "GER"]

1. e4 g6 2. d4 Bg7 3. Nf3 e6 4. Bd3 c6 5. c3 Ne7 6. Bg5 h6 7. Bh4 g5 8. Bg3 d5 9. e5 b6 10. Qe2 c5 11. a4 c4 12. Bc2 Nbc6 13. Nfd2 Nf5 14. Qh5 Qe7 15. Na3 a6 16. O-O Bd7 17. b3 cxb3 18. Nxb3 O-O 19. Bxf5 exf5 20. f4 f6 21. Rfe1 fxe5 22. fxe5 Be6 23. Rec1 Rac8 24. Qe2 Nb8 25. a5 Rc6 26. axb6 Rxb6 27. Nc5 Rc8 28. Nc2 Rxc5 29. dxc5 Rc6 30. Bf2 Nd7 31. Nd4 Rxc5 32. Nxe6 Qxe6 33. Bxc5 Nxc5 34. Re1 Ne4 35. Rxa6 Qxe5 36. Qd3 Qxc3 37. Qxd5+ Kf8 38. Qxf5+ Nf6 39. Ra8+ Kf7 40. Qe6+ Kg6 41. Ra6 Qd4+ 42. Qe3 Qd7 43. Qe8+ Kh7 44. Qxd7 Nxd7 45. Re7 Nf6 46. Raa7 1-0

[Event "Muensterland Verbandsliga 2526"]
[Site "Germany"]
[Date "2026.04.25"]
[Round "8"]
[Board "8"]
[White "Sholeh, Othman"]
[Black "Everke, Enrique"]
[Result "0-1"]
[WhiteElo "1453"]
[BlackElo "1614"]
[WhiteFideId "-1"]
[BlackFideId "-1"]
[PlyCount "105"]
[GameId "2095107615425779"]
[EventDate "2025.??.??"]
[EventType "team-tourn"]
[EventRounds "9"]
[EventCountry "GER"]
[SourceTitle "Verband Muensterland"]
[SourceDate "2025.11.13"]
[SourceVersion "1"]
[SourceVersionDate "2025.11.13"]
[SourceQuality "1"]
[WhiteTeam "Stadtlohn"]
[BlackTeam "Nienberge II"]
[WhiteTeamCountry "GER"]
[BlackTeamCountry "GER"]

1. d4 Nf6 2. Nf3 d5 3. h3 c5 4. c4 e6 5. e3 Nc6 6. cxd5 exd5 7. Nc3 a6 8. Be2 Bd6 9. dxc5 Bxc5 10. O-O O-O 11. a3 a5 12. Re1 Re8 13. Nd4 Ba7 14. Nxc6 bxc6 15. b4 Bf5 16. Bb2 Bb8 17. Bf1 Qd6 18. g3 h5 19. Bg2 axb4 20. axb4 Rxa1 21. Bxa1 Qxb4 22. Ne2 Qd6 23. Bxf6 Qxf6 24. Nd4 Ba7 25. Nxf5 Qxf5 26. Qa4 Qd7 27. Bxd5 Qxd5 28. Qxa7 c5 29. Qa5 Ra8 30. Qc3 Rc8 31. e4 Qe6 32. Kg2 c4 33. f3 Ra8 34. Rc1 Ra2+ 35. Rc2 Ra4 36. h4 Qb6 37. Rb2 Qa7 38. Rc2 Ra1 39. Rf2 Ra2 40. Rc2 Rxc2+ 41. Qxc2 Qd4 42. Kf1 Kf8 43. Ke2 Ke7 44. Qd2 Qe5 45. Qg5+ Qxg5 46. hxg5 Kd6 47. f4 Kc5 48. Ke3 c3 49. f5 c2 50. Kd2 Kd4 51. Kxc2 Kxe4 52. f6 gxf6 53. gxf6 0-1

[Event "Muensterland Verbandsliga 2526"]
[Site "Germany"]
[Date "2026.05.16"]
[Round "9"]
[Board "1"]
[White "Wittek, Felix"]
[Black "Brands, Julian"]
[Result "1-0"]
[WhiteElo "1834"]
[BlackElo "1832"]
[WhiteFideId "-1"]
[BlackFideId "-1"]
[PlyCount "67"]
[GameId "2310688228217081"]
[EventDate "2025.??.??"]
[EventType "team-tourn"]
[EventRounds "9"]
[EventCountry "GER"]
[SourceTitle "Verband Muensterland"]
[SourceDate "2025.11.13"]
[SourceVersion "1"]
[SourceVersionDate "2025.11.13"]
[SourceQuality "1"]
[WhiteTeam "Suedlohn II"]
[BlackTeam "Gescher"]
[WhiteTeamCountry "GER"]
[BlackTeamCountry "GER"]

1. e4 c5 2. Nf3 d6 3. d4 cxd4 4. Nxd4 Nf6 5. Nc3 Bd7 6. Be2 g6 7. Be3 Bg7 8. f3 Nc6 9. Qd2 O-O 10. O-O-O a6 11. g4 b5 12. g5 Nxd4 13. Bxd4 Ne8 14. h4 e5 15. Be3 Be6 16. h5 f5 17. gxf6 Qxf6 18. hxg6 hxg6 19. Rdg1 Rc8 20. Nd5 Bxd5 21. Qxd5+ Qf7 22. Rxg6 Qxd5 23. exd5 Kf7 24. Rhg1 Rh8 25. Bd3 Bf6 26. f4 Rh3 27. Bf5 Rxc2+ 28. Kxc2 Rxe3 29. fxe5 Rxe5 30. Be6+ Ke7 31. Kd2 a5 32. Rh1 Ng7 33. Rh7 Kf8 34. Rxf6+ 1-0

[Event "Muensterland Verbandsliga 2526"]
[Site "Germany"]
[Date "2026.05.16"]
[Round "9"]
[Board "2"]
[White "Lanfer, Stefan"]
[Black "Sparwel, Oliver"]
[Result "1/2-1/2"]
[WhiteElo "1767"]
[BlackElo "1901"]
[WhiteFideId "-1"]
[BlackFideId "-1"]
[PlyCount "64"]
[GameId "2310693160263944"]
[EventDate "2025.??.??"]
[EventType "team-tourn"]
[EventRounds "9"]
[EventCountry "GER"]
[SourceTitle "Verband Muensterland"]
[SourceDate "2025.11.13"]
[SourceVersion "1"]
[SourceVersionDate "2025.11.13"]
[SourceQuality "1"]
[WhiteTeam "Gescher"]
[BlackTeam "Suedlohn II"]
[WhiteTeamCountry "GER"]
[BlackTeamCountry "GER"]

1. c4 e5 2. Nc3 Nc6 3. e4 g6 4. g3 Bg7 5. Bg2 Nge7 6. Nge2 Nd4 7. O-O d6 8. d3 Be6 9. Nxd4 exd4 10. Ne2 O-O 11. Bd2 Qc8 12. Nf4 Bd7 13. h4 Nc6 14. Nd5 Kh8 15. Bf4 Ne5 16. Bxe5 dxe5 17. Nb4 a5 18. Nc2 b5 19. b3 c5 20. cxb5 Bxb5 21. Na3 Qa6 22. Nxb5 Qxb5 23. Qc2 a4 24. Rfc1 Rfb8 25. Bf1 Bh6 26. Rcb1 Qa5 27. bxa4 Qc3 28. Qd1 Rb4 29. Rxb4 cxb4 30. Rb1 Qa3 31. Qb3 Qxa4 32. Qxf7 Qxa2 1/2-1/2

[Event "Muensterland Verbandsliga 2526"]
[Site "Germany"]
[Date "2026.05.16"]
[Round "9"]
[Board "3"]
[White "Albersmann, Rene"]
[Black "Iking, Bernhard"]
[Result "0-1"]
[WhiteElo "1844"]
[BlackElo "1828"]
[WhiteFideId "-1"]
[BlackFideId "-1"]
[PlyCount "120"]
[GameId "2310696029180218"]
[EventDate "2025.??.??"]
[EventType "team-tourn"]
[EventRounds "9"]
[EventCountry "GER"]
[SourceTitle "Verband Muensterland"]
[SourceDate "2025.11.13"]
[SourceVersion "1"]
[SourceVersionDate "2025.11.13"]
[SourceQuality "1"]
[WhiteTeam "Suedlohn II"]
[BlackTeam "Gescher"]
[WhiteTeamCountry "GER"]
[BlackTeamCountry "GER"]

1. d4 Nf6 2. e3 e6 3. Bd3 c5 4. c3 d5 5. f4 Nc6 6. Nf3 cxd4 7. exd4 Bd6 8. Ne5 Ne4 9. O-O Qe7 10. Nd2 f5 11. Ndf3 O-O 12. Bd2 a5 13. Be1 Bd7 14. Bh4 Qe8 15. Qe2 Rc8 16. Rac1 h6 17. Kh1 Kh7 18. g4 Bxe5 19. Nxe5 Nxe5 20. dxe5 Bc6 21. Kg1 Nc5 22. Bf2 Nxd3 23. Qxd3 Bb5 24. Qh3 Bxf1 25. Rxf1 fxg4 26. Qd3+ Qg6 27. Qg3 Rc4 28. Bd4 Qf5 29. b3 Rc6 30. Rf2 h5 31. Kf1 Qb1+ 32. Kg2 Qe4+ 33. Kg1 Rf5 34. h3 g5 35. hxg4 h4 36. Qh3 Rxf4 37. Rxf4 Qxf4 38. Qg2 b5 39. Qe2 Qg3+ 40. Kh1 h3 41. Be3 Rxc3 42. Bxg5 Rd3 43. Qc2 Qe1+ 44. Kh2 Qxe5+ 45. Kg1 Qe4 46. Qf2 Rd1+ 47. Kh2 Rh1+ 48. Kg3 Qd3+ 49. Kh4 Rf1 50. Qa7+ Kg6 51. Qb8 Qd4 52. Qe8+ Kh7 53. Qh5+ Kg8 54. Qe8+ Kg7 55. Kh5 Qe5 56. Qg6+ Kf8 57. Qh6+ Qg7 58. Be7+ Kf7 59. Qe3 h2 60. Bh4 Qg6# 0-1

[Event "Muensterland Verbandsliga 2526"]
[Site "Germany"]
[Date "2026.05.16"]
[Round "9"]
[Board "4"]
[White "Lanfer, Stefanie"]
[Black "Harbers, Gerard"]
[Result "1/2-1/2"]
[WhiteElo "1806"]
[BlackElo "1837"]
[WhiteFideId "-1"]
[BlackFideId "-1"]
[PlyCount "40"]
[GameId "2310697149788507"]
[EventDate "2025.??.??"]
[EventType "team-tourn"]
[EventRounds "9"]
[EventCountry "GER"]
[SourceTitle "Verband Muensterland"]
[SourceDate "2025.11.13"]
[SourceVersion "1"]
[SourceVersionDate "2025.11.13"]
[SourceQuality "1"]
[WhiteTeam "Gescher"]
[BlackTeam "Suedlohn II"]
[WhiteTeamCountry "GER"]
[BlackTeamCountry "GER"]

1. e4 e6 2. Qe2 c5 3. f4 Nc6 4. Nf3 g6 5. d3 Bg7 6. Nbd2 Nge7 7. Nc4 d5 8. Nce5 Nxe5 9. fxe5 Nc6 10. Bf4 Qa5+ 11. c3 d4 12. Qd2 Bd7 13. Be2 Rc8 14. O-O O-O 15. Bh6 Qd8 16. Bg5 f6 17. exf6 Bxf6 18. Bh6 Bg7 19. c4 Qe7 20. Bxg7 Qxg7 1/2-1/2

[Event "Muensterland Verbandsliga 2526"]
[Site "Germany"]
[Date "2026.05.16"]
[Round "9"]
[Board "5"]
[White "Emming, Benedikt"]
[Black "Robers, Frank"]
[Result "1/2-1/2"]
[WhiteElo "1815"]
[BlackElo "1679"]
[WhiteFideId "-1"]
[BlackFideId "-1"]
[PlyCount "65"]
[GameId "2310696045773143"]
[EventDate "2025.??.??"]
[EventType "team-tourn"]
[EventRounds "9"]
[EventCountry "GER"]
[SourceTitle "Verband Muensterland"]
[SourceDate "2025.11.13"]
[SourceVersion "1"]
[SourceVersionDate "2025.11.13"]
[SourceQuality "1"]
[WhiteTeam "Suedlohn II"]
[BlackTeam "Gescher"]
[WhiteTeamCountry "GER"]
[BlackTeamCountry "GER"]

1. e4 c5 2. Nc3 g6 3. f4 Bg7 4. Nf3 d6 5. g3 Nc6 6. Bg2 Nf6 7. O-O O-O 8. d3 Rb8 9. Qe2 Bg4 10. Nd1 Qd7 11. c3 b5 12. Nf2 b4 13. Bd2 a5 14. h3 Bxf3 15. Qxf3 Rbc8 16. g4 Qa7 17. f5 Nd7 18. g5 bxc3 19. bxc3 Rb8 20. Rab1 Rxb1 21. Rxb1 Rb8 22. Qd1 Rb6 23. fxg6 fxg6 24. Rxb6 Qxb6 25. Qb3+ Qxb3 26. axb3 Kf7 27. Kf1 Nb6 28. Bf3 a4 29. bxa4 Nxa4 30. Nd1 Ne5 31. Be2 Nc6 32. Bg4 Ne5 33. Be2 1/2-1/2

[Event "Muensterland Verbandsliga 2526"]
[Site "Germany"]
[Date "2026.05.16"]
[Round "9"]
[Board "6"]
[White "Reichardt, Markus"]
[Black "Musholt, Joachim"]
[Result "1/2-1/2"]
[WhiteElo "1688"]
[BlackElo "1678"]
[WhiteFideId "-1"]
[BlackFideId "-1"]
[PlyCount "35"]
[GameId "2310699368358247"]
[EventDate "2025.??.??"]
[EventType "team-tourn"]
[EventRounds "9"]
[EventCountry "GER"]
[SourceTitle "Verband Muensterland"]
[SourceDate "2025.11.13"]
[SourceVersion "1"]
[SourceVersionDate "2025.11.13"]
[SourceQuality "1"]
[WhiteTeam "Gescher"]
[BlackTeam "Suedlohn II"]
[WhiteTeamCountry "GER"]
[BlackTeamCountry "GER"]

1. e4 c5 2. Nf3 d6 3. d4 cxd4 4. Nxd4 Nf6 5. Nc3 a6 6. Be2 e5 7. Nb3 Be7 8. O-O O-O 9. Be3 Be6 10. f4 b5 11. a3 exf4 12. Bxf4 Nc6 13. Bf3 Ne5 14. Nd5 Bxd5 15. exd5 Nfd7 16. Be4 Nf6 17. Bxe5 dxe5 18. Qd3 1/2-1/2

[Event "Muensterland Verbandsliga 2526"]
[Site "Germany"]
[Date "2026.05.16"]
[Round "9"]
[Board "7"]
[White "Teloeken, Stefan"]
[Black "Buening, Dennis"]
[Result "1-0"]
[WhiteElo "1774"]
[BlackElo "1557"]
[WhiteFideId "-1"]
[BlackFideId "-1"]
[PlyCount "81"]
[GameId "2310691255783685"]
[EventDate "2025.??.??"]
[EventType "team-tourn"]
[EventRounds "9"]
[EventCountry "GER"]
[SourceTitle "Verband Muensterland"]
[SourceDate "2025.11.13"]
[SourceVersion "1"]
[SourceVersionDate "2025.11.13"]
[SourceQuality "1"]
[WhiteTeam "Suedlohn II"]
[BlackTeam "Gescher"]
[WhiteTeamCountry "GER"]
[BlackTeamCountry "GER"]

1. c4 c5 2. g3 Nc6 3. Bg2 e6 4. Nf3 b6 5. O-O Bb7 6. d4 cxd4 7. Nxd4 Bc5 8. Nb5 a6 9. Nd6+ Bxd6 10. Qxd6 Qb8 11. Bf4 Qxd6 12. Bxd6 O-O-O 13. Nc3 Na5 14. c5 Bxg2 15. Kxg2 Nc4 16. Ne4 Kb7 17. b3 Na5 18. cxb6 Kxb6 19. Bc5+ Kc6 20. Rac1 Kd5 21. Nd6 Nh6 22. Rfd1+ Ke5 23. Be3 Kf6 24. Rc5 Nc6 25. Bg5+ Kg6 26. Bxd8 Rxd8 27. Nb7 Rb8 28. Rxd7 Nb4 29. Ra5 Nf5 30. a3 Nc6 31. Rc5 Nfe7 32. h4 h6 33. b4 Kf6 34. Na5 Nd8 35. e4 Ng6 36. f4 e5 37. Rd6+ Ke7 38. Rxd8 Kxd8 39. Nc6+ Kc8 40. Nxb8+ Kxb8 41. f5 1-0

[Event "Muensterland Verbandsliga 2526"]
[Site "Germany"]
[Date "2026.05.16"]
[Round "9"]
[Board "8"]
[White "Schweigert, Carsten"]
[Black "Gaßner, Finn"]
[Result "1-0"]
[WhiteElo "1397"]
[BlackElo "1266"]
[WhiteFideId "-1"]
[BlackFideId "-1"]
[PlyCount "39"]
[GameId "2310698332385634"]
[EventDate "2025.??.??"]
[EventType "team-tourn"]
[EventRounds "9"]
[EventCountry "GER"]
[SourceTitle "Verband Muensterland"]
[SourceDate "2025.11.13"]
[SourceVersion "1"]
[SourceVersionDate "2025.11.13"]
[SourceQuality "1"]
[WhiteTeam "Gescher"]
[BlackTeam "Suedlohn II"]
[WhiteTeamCountry "GER"]
[BlackTeamCountry "GER"]

1. e4 d6 2. d4 Nf6 3. Nc3 g6 4. Nf3 Bg7 5. Bc4 Nxe4 6. Qd3 Nxc3 7. Qxc3 d5 8. Bb3 Bf5 9. Bf4 c5 10. Qxc5 Na6 11. Ba4+ Kf8 12. Qb5 Rc8 13. Qxb7 Qa5+ 14. c3 Qxa4 15. Qxd5 Qc2 16. O-O Qxb2 17. Ng5 e6 18. Qd7 Qb7 19. Qxb7 Bf6 20. Qxf7# 1-0

[Event "Muensterland Verbandsliga 2526"]
[Site "Germany"]
[Date "2026.05.16"]
[Round "9"]
[Board "1"]
[White "Vocke, Stefan"]
[Black "Weist, Thorsten"]
[Result "1-0"]
[WhiteElo "1916"]
[BlackElo "1734"]
[WhiteFideId "-1"]
[BlackFideId "-1"]
[PlyCount "55"]
[GameId "2315515852654792"]
[EventDate "2025.??.??"]
[EventType "team-tourn"]
[EventRounds "9"]
[EventCountry "GER"]
[SourceTitle "Verband Muensterland"]
[SourceDate "2025.11.13"]
[SourceVersion "1"]
[SourceVersionDate "2025.11.13"]
[SourceQuality "1"]
[WhiteTeam "Ochtrup"]
[BlackTeam "Emsdetten Rochade II"]
[WhiteTeamCountry "GER"]
[BlackTeamCountry "GER"]

1. d4 Nf6 2. c4 d5 3. cxd5 Nxd5 4. e4 Nf6 5. Nc3 e6 6. Be3 Bb4 7. Bd3 O-O 8. f3 c5 9. dxc5 Qa5 10. Nge2 Bxc5 11. Bxc5 Qxc5 12. Rc1 Rd8 13. Nd5 Qa5+ 14. b4 Qxa2 15. Ne7+ Kf8 16. Rxc8 Rxc8 17. Nxc8 Qb2 18. Qd2 Qe5 19. O-O Nc6 20. b5 Qc5+ 21. Kh1 Ne5 22. Rc1 Qa3 23. Bb1 Nxf3 24. gxf3 Qxf3+ 25. Kg1 g6 26. Ng3 Nd7 27. Rf1 Ne5 28. Qd6+ 1-0

[Event "Muensterland Verbandsliga 2526"]
[Site "Germany"]
[Date "2026.05.16"]
[Round "9"]
[Board "2"]
[White "Noering, Andreas"]
[Black "Moor, Daniel"]
[Result "1/2-1/2"]
[WhiteElo "1802"]
[BlackElo "1862"]
[WhiteFideId "-1"]
[BlackFideId "-1"]
[PlyCount "49"]
[GameId "2315515852654794"]
[EventDate "2025.??.??"]
[EventType "team-tourn"]
[EventRounds "9"]
[EventCountry "GER"]
[SourceTitle "Verband Muensterland"]
[SourceDate "2025.11.13"]
[SourceVersion "1"]
[SourceVersionDate "2025.11.13"]
[SourceQuality "1"]
[WhiteTeam "Emsdetten Rochade II"]
[BlackTeam "Ochtrup"]
[WhiteTeamCountry "GER"]
[BlackTeamCountry "GER"]

1. e4 Nf6 2. e5 Nd5 3. d4 d6 4. Nf3 dxe5 5. Nxe5 c6 6. Qf3 Be6 7. c3 Nd7 8. Nxd7 Qxd7 9. Nd2 Bg4 10. Qg3 Qe6+ 11. Qe5 Qxe5+ 12. dxe5 O-O-O 13. f3 Bf5 14. Nc4 h6 15. Ne3 Bh7 16. Nxd5 Rxd5 17. f4 e6 18. Be3 c5 19. Bc4 Rd7 20. Kf2 a6 21. Rhd1 b5 22. Rxd7 Kxd7 23. Rd1+ Kc7 24. Be2 Be7 25. g3 1/2-1/2

[Event "Muensterland Verbandsliga 2526"]
[Site "Germany"]
[Date "2026.05.16"]
[Round "9"]
[Board "3"]
[White "Jacob, Helmut"]
[Black "Lehmann, Mona"]
[Result "1-0"]
[WhiteElo "1920"]
[BlackElo "1869"]
[WhiteFideId "-1"]
[BlackFideId "-1"]
[PlyCount "115"]
[GameId "2315515852654796"]
[EventDate "2025.??.??"]
[EventType "team-tourn"]
[EventRounds "9"]
[EventCountry "GER"]
[SourceTitle "Verband Muensterland"]
[SourceDate "2025.11.13"]
[SourceVersion "1"]
[SourceVersionDate "2025.11.13"]
[SourceQuality "1"]
[WhiteTeam "Ochtrup"]
[BlackTeam "Emsdetten Rochade II"]
[WhiteTeamCountry "GER"]
[BlackTeamCountry "GER"]

1. e4 c5 2. d3 e6 3. f4 Nc6 4. Nf3 d5 5. Be2 dxe4 6. dxe4 Qxd1+ 7. Bxd1 Nf6 8. e5 Nd5 9. c3 g6 10. Na3 a6 11. O-O b5 12. c4 Nc7 13. Be3 Rb8 14. Ng5 b4 15. Nb1 Na5 16. Ba4+ Bd7 17. Bxd7+ Kxd7 18. Nxf7 Nxc4 19. Bc1 Rg8 20. Ng5 h6 21. Ne4 Be7 22. b3 Na5 23. Nbd2 Nd5 24. Bb2 Rgf8 25. g3 Ne3 26. Rfc1 Rbc8 27. Kf2 Ng4+ 28. Kg2 Ne3+ 29. Kf3 Nd5 30. Ke2 Nb7 31. Nc4 a5 32. a4 Ra8 33. Rd1 Kc6 34. Rac1 Rad8 35. Rf1 h5 36. Rf3 Rc8 37. Rcf1 Ra8 38. h3 Rh8 39. Rg1 Raf8 40. Bc1 Rh7 41. h4 Rhf7 42. Rgf1 Nb6 43. Ned2 Nd5 44. Bb2 Rd8 45. Rc1 Rdf8 46. Rc2 Bxh4 47. gxh4 Rxf4 48. Kf2 Rd8 49. Rxf4 Nxf4 50. Nf3 Nd3+ 51. Kg3 Nxb2 52. Nxb2 Rf8 53. Rd2 Rf5 54. Nc4 Rf8 55. Nd6 Nd8 56. Rc2 Kd5 57. Rd2+ Kc6 58. Rd1 1-0

[Event "Muensterland Verbandsliga 2526"]
[Site "Germany"]
[Date "2026.05.16"]
[Round "9"]
[Board "4"]
[White "Luecke, Thomas"]
[Black "Schwietering, Ralf"]
[Result "0-1"]
[WhiteElo "1883"]
[BlackElo "1774"]
[WhiteFideId "-1"]
[BlackFideId "-1"]
[PlyCount "138"]
[GameId "2315515852654798"]
[EventDate "2025.??.??"]
[EventType "team-tourn"]
[EventRounds "9"]
[EventCountry "GER"]
[SourceTitle "Verband Muensterland"]
[SourceDate "2025.11.13"]
[SourceVersion "1"]
[SourceVersionDate "2025.11.13"]
[SourceQuality "1"]
[WhiteTeam "Emsdetten Rochade II"]
[BlackTeam "Ochtrup"]
[WhiteTeamCountry "GER"]
[BlackTeamCountry "GER"]

1. d4 Nf6 2. Nc3 e5 3. dxe5 Ng4 4. Bf4 Nc6 5. Nf3 Bc5 6. e3 Bb4 7. h3 Nh6 8. Bg5 Bxc3+ 9. bxc3 Ne7 10. Nd4 d5 11. exd6 Qxd6 12. Nb5 Qc6 13. Bxh6 gxh6 14. Qd4 O-O 15. Qe5 Nd5 16. c4 Nb4 17. Qc3 Na6 18. O-O-O Bf5 19. Bd3 Bg6 20. Rhg1 Qc5 21. Qd4 c6 22. Qxc5 Nxc5 23. Nc3 Rad8 24. Be2 f5 25. Rxd8 Rxd8 26. Rd1 Re8 27. g3 Kf7 28. Bf3 Kf6 29. h4 Ke5 30. Kb2 Re7 31. Ka3 Bf7 32. Be2 Be6 33. Rd4 Ne4 34. Nxe4 fxe4 35. Rd2 a5 36. Kb2 b6 37. Kc1 Rf7 38. Bf1 Rg7 39. Kd1 Re7 40. Rd8 Kf6 41. Rf8+ Ke5 42. Rf4 Rg7 43. Kd2 Bf5 44. Be2 Rd7+ 45. Kc3 Be6 46. Bh5 Re7 47. Rf8 Rd7 48. Re8 Kf6 49. Rxe6+ Kxe6 50. Bg4+ Ke7 51. Bxd7 Kxd7 52. Kd2 Ke6 53. g4 h5 54. gxh5 Kf5 55. Ke2 Kg4 56. h6 Kxh4 57. f3 exf3+ 58. Kxf3 Kg5 59. Ke4 Kxh6 60. Kf5 Kg7 61. Kg5 h6+ 62. Kf5 Kf7 63. a3 Ke7 64. Ke5 h5 65. a4 h4 66. Kf4 Ke6 67. Kg4 Ke5 68. Kxh4 Ke4 69. Kg5 Kxe3 0-1

[Event "Muensterland Verbandsliga 2526"]
[Site "Germany"]
[Date "2026.05.16"]
[Round "9"]
[Board "5"]
[White "Schmerling, Janek"]
[Black "Fuhrmann, Andreas"]
[Result "0-1"]
[WhiteElo "1732"]
[BlackElo "1746"]
[WhiteFideId "-1"]
[BlackFideId "-1"]
[PlyCount "86"]
[GameId "2315515852654800"]
[EventDate "2025.??.??"]
[EventType "team-tourn"]
[EventRounds "9"]
[EventCountry "GER"]
[SourceTitle "Verband Muensterland"]
[SourceDate "2025.11.13"]
[SourceVersion "1"]
[SourceVersionDate "2025.11.13"]
[SourceQuality "1"]
[WhiteTeam "Ochtrup"]
[BlackTeam "Emsdetten Rochade II"]
[WhiteTeamCountry "GER"]
[BlackTeamCountry "GER"]

1. e4 e6 2. Nf3 d5 3. Nc3 Nf6 4. e5 Nfd7 5. d4 c5 6. Bb5 a6 7. Bxd7+ Bxd7 8. Ne2 Nc6 9. c3 cxd4 10. cxd4 Rc8 11. O-O Qb6 12. Rb1 Be7 13. h4 f6 14. h5 fxe5 15. Nxe5 Nxe5 16. dxe5 O-O 17. Be3 Qc7 18. f4 Qc4 19. a3 Qe4 20. Rf3 Qc2 21. Qe1 Qf5 22. h6 g6 23. Nd4 Qe4 24. b4 Rc4 25. Nb3 Rc2 26. Rd1 Qc4 27. Nc5 Bc8 28. Qg3 Qe2 29. Re1 Qb5 30. Nb3 Rc3 31. Bc5 Rxf3 32. gxf3 Bxc5+ 33. Nxc5 b6 34. Nb3 Qc4 35. Qg5 Qxf4 36. Qe7 Qg3+ 37. Kh1 Qxe1+ 38. Kg2 Qe2+ 39. Kg1 Qe1+ 40. Kg2 Qe2+ 41. Kg1 Qe3+ 42. Kg2 Qxf3+ 43. Kg1 Qg3+ 0-1

[Event "Muensterland Verbandsliga 2526"]
[Site "Germany"]
[Date "2026.05.16"]
[Round "9"]
[Board "6"]
[White "Fehlings, Gerd"]
[Black "Holtmannspoetter, Thomas"]
[Result "1-0"]
[WhiteElo "1730"]
[BlackElo "1738"]
[WhiteFideId "-1"]
[BlackFideId "-1"]
[PlyCount "91"]
[GameId "2315515852654802"]
[EventDate "2025.??.??"]
[EventType "team-tourn"]
[EventRounds "9"]
[EventCountry "GER"]
[SourceTitle "Verband Muensterland"]
[SourceDate "2025.11.13"]
[SourceVersion "1"]
[SourceVersionDate "2025.11.13"]
[SourceQuality "1"]
[WhiteTeam "Emsdetten Rochade II"]
[BlackTeam "Ochtrup"]
[WhiteTeamCountry "GER"]
[BlackTeamCountry "GER"]

1. d4 Nf6 2. c4 e6 3. Nf3 d5 4. g3 c6 5. Bg2 Bb4+ 6. Bd2 Bxd2+ 7. Nbxd2 O-O 8. Qc2 Nbd7 9. O-O Qc7 10. Rac1 dxc4 11. Nxc4 Nb6 12. Nce5 Bd7 13. e4 Rad8 14. a4 a5 15. b3 Bc8 16. Rfd1 Qe7 17. Ne1 h5 18. Qc5 Qxc5 19. Rxc5 Nbd7 20. Nxd7 Rxd7 21. Nc2 Rfd8 22. f4 g6 23. f5 exf5 24. exf5 Rd6 25. fxg6 fxg6 26. Rxa5 Bf5 27. Ne3 Be6 28. d5 cxd5 29. Rd4 b6 30. Ra6 Ng4 31. Nxg4 Bxg4 32. a5 bxa5 33. Rxa5 Be6 34. Rb5 Kg7 35. Kf2 Kf6 36. Ke3 R8d7 37. b4 Re7 38. Rf4+ Kg7 39. Kd4 Red7 40. Rf2 Rd8 41. Rc2 Bf5 42. Rcc5 Bd7 43. Rb7 Kh6 44. h4 Bg4 45. Rcc7 Bd7 46. Bh3 1-0

[Event "Muensterland Verbandsliga 2526"]
[Site "Germany"]
[Date "2026.05.16"]
[Round "9"]
[Board "7"]
[White "Kaiser, Guenter1"]
[Black "Schulte, Ralf"]
[Result "0-1"]
[WhiteElo "1584"]
[BlackElo "1745"]
[WhiteFideId "-1"]
[BlackFideId "-1"]
[PlyCount "72"]
[GameId "2315515852654804"]
[EventDate "2025.??.??"]
[EventType "team-tourn"]
[EventRounds "9"]
[EventCountry "GER"]
[SourceTitle "Verband Muensterland"]
[SourceDate "2025.11.13"]
[SourceVersion "1"]
[SourceVersionDate "2025.11.13"]
[SourceQuality "1"]
[WhiteTeam "Ochtrup"]
[BlackTeam "Emsdetten Rochade II"]
[WhiteTeamCountry "GER"]
[BlackTeamCountry "GER"]

1. e4 c5 2. Nf3 Nc6 3. d4 cxd4 4. Nxd4 Nf6 5. Nc3 d6 6. Bg5 e6 7. f4 Be7 8. Be2 a6 9. Nxc6 bxc6 10. Bf3 O-O 11. Qd2 d5 12. e5 Nd7 13. Bxe7 Qxe7 14. O-O Rb8 15. b3 Nb6 16. Kh1 c5 17. Be2 Bb7 18. Bd3 Rfd8 19. Qe2 Ra8 20. a4 g6 21. a5 Nd7 22. Qg4 c4 23. bxc4 dxc4 24. Be4 Nc5 25. Bxb7 Qxb7 26. Qe2 Rd4 27. Rab1 Qc7 28. Rb6 Rad8 29. g3 Qd7 30. Rfb1 Na4 31. Nxa4 Qxa4 32. Rxa6 Rd2 33. Qe4 R8d4 34. Qc6 Qxc2 35. Rab6 Rxh2+ 36. Kg1 Qf2# 0-1

[Event "Muensterland Verbandsliga 2526"]
[Site "Germany"]
[Date "2026.05.16"]
[Round "9"]
[Board "8"]
[White "Peters, Tobias"]
[Black "Leseberg, Detlef"]
[Result "1-0"]
[WhiteElo "1613"]
[BlackElo "1243"]
[WhiteFideId "-1"]
[BlackFideId "-1"]
[PlyCount "43"]
[GameId "2315515852654806"]
[EventDate "2025.??.??"]
[EventType "team-tourn"]
[EventRounds "9"]
[EventCountry "GER"]
[SourceTitle "Verband Muensterland"]
[SourceDate "2025.11.13"]
[SourceVersion "1"]
[SourceVersionDate "2025.11.13"]
[SourceQuality "1"]
[WhiteTeam "Emsdetten Rochade II"]
[BlackTeam "Ochtrup"]
[WhiteTeamCountry "GER"]
[BlackTeamCountry "GER"]

1. e4 c5 2. d4 cxd4 3. c3 dxc3 4. Nxc3 Nc6 5. Nf3 e6 6. Bc4 Bc5 7. O-O Nge7 8. Bg5 a6 9. Rc1 O-O 10. a3 b5 11. Ba2 Bb6 12. Qd3 Qc7 13. Bxe7 Nxe7 14. Nxb5 Qb7 15. Nd6 Qa7 16. Bb1 g6 17. h4 Nc6 18. h5 Bc5 19. h6 Bxd6 20. Qxd6 f6 21. Ba2 Nd8 22. Qe7 1-0